Daňové úniky II.

Objasnenie niektorých medzier alebo nezrovnalostí v daňovej a súvisiacej legislatíve po prijatí zákona č. 366/1999 Z.z. o daniach z príjmov. Fiktívne príklady, v ktorých sú niekoľké možnosti daňových únikov, ktoré podnikatelia mohli využiť pri zúčtovaní.

Guardado en:
Detalles Bibliográficos
Autor principal: Barcaj, Tomáš
Formato: Capítulo de libro
Lenguaje:eslovaco
Materias:
Etiquetas: Agregar Etiqueta
Sin Etiquetas, Sea el primero en etiquetar este registro!

MARC

LEADER 00000naa a2200000 4500
001 r038028
005 20231003083528.7
041 0 |a slo 
044 |a SK 
245 1 0 |a Daňové úniky II.  |c Tomáš Barcaj 
520 |a Objasnenie niektorých medzier alebo nezrovnalostí v daňovej a súvisiacej legislatíve po prijatí zákona č. 366/1999 Z.z. o daniach z príjmov. Fiktívne príklady, v ktorých sú niekoľké možnosti daňových únikov, ktoré podnikatelia mohli využiť pri zúčtovaní. 
610 2 0 |a únik daňový 
610 2 0 |a podnikatelia 
610 2 0 |a zúčtovanie 
610 2 0 |a dane z príjmov 
610 2 0 |a úpravy právne 
100 1 |a Barcaj, Tomáš